Leasehold valuation tables (Record no. 112551)

MARC details
000 -LEADER
fixed length control field 00656cam a22001935a 4500
001 - CONTROL NUMBER
control field E153491
008 - FIXED-LENGTH DATA ELEMENTS--GENERAL INFORMATION
fixed length control field 110802s1952 xxk f 000 0 eng d
035 ## - SYSTEM CONTROL NUMBER
System control number (Sirsi) u153491
041 0# - LANGUAGE CODE
Language code of text/sound track or separate title eng
050 04 - LIBRARY OF CONGRESS CALL NUMBER
Classification number 333.332 $2 18
100 1# - MAIN ENTRY--PERSONAL NAME
Personal name Rose, J. J.
245 00 - TITLE STATEMENT
Title Leasehold valuation tables
Remainder of title for the use of surveyors, valuers, auctioneers, estate agents, civil engineers and others interested in the valuation of leasehold property
260 ## - PUBLICATION, DISTRIBUTION, ETC.
Place of publication, distribution, etc. London
Name of publisher, distributor, etc. Technical Press
Date of publication, distribution, etc. 1952
300 ## - PHYSICAL DESCRIPTION
Extent iv, 67p.
Dimensions 22cm.
520 ## - SUMMARY, ETC.
Summary, etc. Reprint of the 1949 edition.
651 #4 - SUBJECT ADDED ENTRY--GEOGRAPHIC NAME
Geographic name United Kingdom
Chronological subdivision
690 ## - LOCAL SUBJECT ADDED ENTRY--TOPICAL TERM (OCLC, RLIN)
Topical term or geographic name as entry element PROPERTY-PROPERTY APPRAISAL AND VALUATION
942 ## - ADDED ENTRY ELEMENTS (KOHA)
Suppress in OPAC 0
Holdings
Withdrawn status Lost status Source of classification or shelving scheme Damaged status Not for loan Home library Current library Shelving location Date acquired Total Checkouts Full call number Barcode Date last seen Copy number Price effective from Koha item type
    Dewey Decimal Classification     London London Basement 22/08/2011   RESERVE 333.332 ROS 30076990 06/08/2019 2 06/08/2019 Book